[Event "Oberliga Ost A 2023 2024"]
[Site "?"]
[Date "2024.01.14"]
[Round "5.6"]
[Board "2"]
[White "Fuchs, Florian"]
[Black "Roesemann, Rainer"]
[Result "1/2-1/2"]
[WhiteElo "2311"]
[BlackElo "2241"]
[PlyCount "91"]
[EventDate "2023.10.22"]
[EventType "team-tourn"]
[EventCountry "GER"]
[WhiteTeam "Reichenbrand SV Eiche"]
[BlackTeam "Leipzig SG"]
[WhiteTeamCountry "GER"]
[BlackTeamCountry "GER"]

1. d4 Nf6 2. Nc3 d5 3. Bf4 Bf5 4. e3 c6 5. Bd3 e6 6. Nf3 Bd6 7. Ne5 Qc7 8. O-O Nbd7 9. Nxd7 Qxd7 10. Qf3 Bxd3 11. cxd3 Bxf4 12. Qxf4 O-O 13. Rab1 Rac8 14. b4 b6 15. Rb3 c5 16. bxc5 bxc5 17. dxc5 Rxc5 18. h3 Rfc8 19. Qd4 e5 20. Qb4 h6 21. Ra3 Qc7 22. Ne2 Rb8 23. Qa4 Rb2 24. Ng3 Rcc2 25. Qxa7 Qxa7 26. Rxa7 Rxa2 27. Re7 Rd2 28. Rxe5 Rxd3 29. Rb1 Rdd2 30. Rf5 Rdb2 31. Rxb2 Rxb2 32. Rf4 Rb1+ 33. Kh2 Rb6 34. Nf5 Kh7 35. Rd4 Re6 36. Kg1 g6 37. Ng3 Ra6 38. Kh2 Ra2 39. f3 Kg7 40. Rd3 Kf8 41. h4 Ke7 42. Rb3 h5 43. Kh3 Nd7 44. Rd3 Ke6 45. e4 Nf6 46. exd5+ 1/2-1/2

[Event "Oberliga Ost A 2023 2024"]
[Site "?"]
[Date "2024.01.14"]
[Round "5.6"]
[Board "4"]
[White "Laemmel, Sebastian"]
[Black "Rausch, Stephan"]
[Result "1/2-1/2"]
[WhiteElo "2167"]
[BlackElo "2274"]
[PlyCount "245"]
[EventDate "2023.10.22"]
[EventType "team-tourn"]
[EventCountry "GER"]
[WhiteTeam "Reichenbrand SV Eiche"]
[BlackTeam "Leipzig SG"]
[WhiteTeamCountry "GER"]
[BlackTeamCountry "GER"]

1. d4 d5 2. c4 e6 3. Nf3 c6 4. e3 f5 5. Be2 Nf6 6. O-O Bd6 7. b3 O-O 8. Ba3 Bxa3 9. Nxa3 Qe7 10. Nc2 Bd7 11. Nce1 Be8 12. Ne5 Nbd7 13. N1d3 Nxe5 14. Nxe5 Nd7 15. Nxd7 Bxd7 16. Qc2 Rf6 17. f4 Rh6 18. Rf3 Be8 19. Bd3 Qa3 20. Rg3 Rf6 21. Rc1 Bd7 22. Qd2 a5 23. Rc2 Qb4 24. Qc3 Rff8 25. Bf1 Rfc8 26. c5 Be8 27. Qb2 a4 28. Rc3 a3 29. Qd2 Rcb8 30. Rf3 h6 31. Rc2 Qxd2 32. Rxd2 b5 33. cxb6 Rxb6 34. Rff2 Kf8 35. Rc2 Ke7 36. Rc3 g5 37. Rd2 g4 38. Kf2 Kd6 39. Rdc2 Bd7 40. Rc1 h5 41. Kg3 Rg8 42. Kh4 Rb7 43. Rc5 Ra8 44. Be2 Be8 45. Rb1 Bd7 46. h3 Be8 47. Bf1 Bd7 48. Rc3 Rb4 49. Be2 Rh8 50. Rc5 Ra8 51. Kg3 gxh3 52. Kxh3 h4 53. Kxh4 Rg8 54. Kh3 Be8 55. Ra5 Rb7 56. Kh2 Rbg7 57. Bf1 Bh5 58. Rxa3 Be2 59. g3 Rxg3 60. Ra8 R8g6 61. Bxe2 Rg2+ 62. Kh1 Rxe2 63. Rd8+ Kc7 64. Rh8 Rxa2 65. Rg1 Rxg1+ 66. Kxg1 Re2 67. Rh3 Kd6 68. Kf1 Rb2 69. Rh6 Rxb3 70. Ke2 Rc3 71. Kd2 Rc4 72. Rg6 Ra4 73. Rh6 Ra6 74. Rh1 c5 75. dxc5+ Kxc5 76. Rc1+ Kd6 77. Rh1 Ra3 78. Rh6 d4 79. exd4 Rf3 80. Rh4 Kd5 81. Ke2 Ke4 82. Rh6 Re3+ 83. Kf2 Kxd4 84. Rg6 Re4 85. Kf3 Kd5 86. Rg8 Kd6 87. Rd8+ Ke7 88. Rd3 Ra4 89. Rb3 Kf6 90. Re3 Rd4 91. Rb3 Ke7 92. Rb7+ Kd6 93. Rb6+ Kd5 94. Rb5+ Kc6 95. Rb3 Kc5 96. Re3 Rd6 97. Rc3+ Kd4 98. Rc1 Ra6 99. Rd1+ Kc4 100. Rc1+ Kd3 101. Rd1+ Kc2 102. Rd8 Ra3+ 103. Ke2 Ra4 104. Rc8+ Kb3 105. Kf3 Rc4 106. Re8 Rc3+ 107. Kf2 Rc6 108. Ke3 Kc4 109. Re7 Kd5 110. Rd7+ Rd6 111. Ra7 Rb6 112. Rd7+ Kc5 113. Rc7+ Kd6 114. Rc3 e5 115. fxe5+ Kxe5 116. Kf3 Rb1 117. Ra3 Rh1 118. Ra5+ Kf6 119. Kf4 Rh4+ 120. Kg3 Rb4 121. Ra8 Re4 122. Kf3 Re6 123. Kf4 1/2-1/2

[Event "Oberliga Ost A 2023 2024"]
[Site "?"]
[Date "2024.01.14"]
[Round "5.6"]
[Board "5"]
[White "Pietzsch, Manuel"]
[Black "Kyas, Juergen"]
[Result "1/2-1/2"]
[WhiteElo "2067"]
[BlackElo "2178"]
[PlyCount "22"]
[EventDate "2023.10.22"]
[EventType "team-tourn"]
[EventCountry "GER"]
[WhiteTeam "Leipzig SG"]
[BlackTeam "Reichenbrand SV Eiche"]
[WhiteTeamCountry "GER"]
[BlackTeamCountry "GER"]

1. e4 c5 2. d4 cxd4 3. c3 dxc3 4. Nxc3 Nc6 5. Nf3 e6 6. Bc4 a6 7. O-O Nge7 8. Bg5 h6 9. Be3 b5 10. Bb3 Bb7 11. Nd5 Nxd5 1/2-1/2

[Event "Oberliga Ost A 2023 2024"]
[Site "?"]
[Date "2024.01.14"]
[Round "5.6"]
[Board "6"]
[White "Kapp, Martin"]
[Black "Hoffmann, Hendrik"]
[Result "0-1"]
[WhiteElo "2169"]
[BlackElo "2271"]
[PlyCount "96"]
[EventDate "2023.10.22"]
[EventType "team-tourn"]
[EventCountry "GER"]
[WhiteTeam "Reichenbrand SV Eiche"]
[BlackTeam "Leipzig SG"]
[WhiteTeamCountry "GER"]
[BlackTeamCountry "GER"]

1. d4 Nf6 2. c4 g6 3. Nc3 Bg7 4. e4 d6 5. Be2 O-O 6. Nf3 e5 7. O-O Nc6 8. d5 Ne7 9. Be3 Ng4 10. Bg5 h6 11. Bd2 f5 12. Nh4 Nf6 13. exf5 gxf5 14. f4 e4 15. h3 Nh7 16. g3 Bd7 17. Kh2 a6 18. a4 Be8 19. a5 Ng6 20. Ng2 Qe7 21. Be3 Nf6 22. Bd4 Bd7 23. Ne3 Kh7 24. Nc2 Rg8 25. Rg1 c5 26. dxc6 bxc6 27. Na4 c5 28. Bc3 Bc6 29. Ne3 Qe6 30. Nb6 Ra7 31. Nbd5 Ne7 32. Nxf6+ Bxf6 33. Qc2 Bd4 34. Qd2 Qf6 35. Rgd1 Rb7 36. Ra2 Qg6 37. g4 fxg4 38. hxg4 Qf6 39. Ng2 Nf5 40. Bxd4 Nxd4 41. b4 Rxb4 42. Rf1 Rb3 43. Bd1 Rf3 44. g5 hxg5 45. Rh1 Qh6+ 46. Kg1 Rf1+ 47. Kxf1 Qxh1+ 48. Kf2 gxf4 0-1

[Event "Oberliga Ost A 2023 2024"]
[Site "?"]
[Date "2024.01.14"]
[Round "5.6"]
[Board "7"]
[White "Liedtke, Matthias"]
[Black "Weisspflog, Janek"]
[Result "1-0"]
[WhiteElo "2239"]
[BlackElo "2049"]
[PlyCount "47"]
[EventDate "2023.10.22"]
[EventType "team-tourn"]
[EventCountry "GER"]
[WhiteTeam "Leipzig SG"]
[BlackTeam "Reichenbrand SV Eiche"]
[WhiteTeamCountry "GER"]
[BlackTeamCountry "GER"]

1. e4 c6 2. d4 d5 3. exd5 cxd5 4. c4 Nf6 5. Nc3 e6 6. Nf3 Be7 7. Bg5 O-O 8. Rc1 Nc6 9. c5 a6 10. Bd3 b6 11. cxb6 Qxb6 12. Na4 Qa5+ 13. Bd2 Nb4 14. O-O Bd7 15. Nc5 Qb6 16. Bb1 Rfc8 17. Qb3 Rcb8 18. Nxd7 Nxd7 19. a3 Nc6 20. Qc2 Nf6 21. Qxc6 Qxb2 22. a4 Ne4 23. Bxe4 dxe4 24. Qxe4 1-0

[Event "Oberliga Ost A 2023 2024"]
[Site "?"]
[Date "2024.02.24"]
[Round "6.1"]
[Board "1"]
[White "Cerveny, Martin"]
[Black "Mastrovasilis, Dimitrios"]
[Result "1/2-1/2"]
[WhiteElo "2389"]
[BlackElo "2576"]
[PlyCount "79"]
[EventDate "2023.10.22"]
[EventType "team-tourn"]
[EventCountry "GER"]
[WhiteTeam "Aue ESV Nickelhuette II"]
[BlackTeam "Plauen SK Koenig"]
[WhiteTeamCountry "GER"]
[BlackTeamCountry "GER"]

1. d4 d5 2. c4 e6 3. Nc3 Nf6 4. cxd5 Nxd5 5. e4 Nxc3 6. bxc3 c5 7. Rb1 Be7 8. Nf3 O-O 9. Bc4 Nc6 10. O-O b6 11. Be3 Qc7 12. Qe2 Bb7 13. Rfc1 Rad8 14. h4 Rd7 15. h5 h6 16. g3 Rc8 17. d5 exd5 18. Bxd5 Re8 19. Rd1 Bf6 20. Bf4 Ne5 21. Bxe5 Bxe5 22. c4 Bxd5 23. Rxd5 Rde7 24. Qd3 Bxg3 25. fxg3 Qxg3+ 26. Kf1 Rxe4 27. Rd8 Rxd8 28. Qxe4 Qh3+ 29. Kf2 Qxh5 30. Rg1 Rf8 31. a4 f6 32. Re1 Rd8 33. Qb7 Qf5 34. Re7 Rd2+ 35. Ke3 Qd3+ 36. Kf4 Qd6+ 37. Ke3 Qd3+ 38. Kf4 Qd6+ 39. Kf5 Qd3+ 40. Kf4 1/2-1/2

[Event "Oberliga Ost A 2023 2024"]
[Site "?"]
[Date "2024.02.24"]
[Round "6.1"]
[Board "2"]
[White "Zawadzka, Jolanta"]
[Black "Cerveny, Petr"]
[Result "1-0"]
[WhiteElo "2347"]
[BlackElo "2283"]
[PlyCount "83"]
[EventDate "2023.10.22"]
[EventType "team-tourn"]
[EventCountry "GER"]
[WhiteTeam "Plauen SK Koenig"]
[BlackTeam "Aue ESV Nickelhuette II"]
[WhiteTeamCountry "GER"]
[BlackTeamCountry "GER"]

1. e4 c6 2. Nc3 d5 3. Nf3 dxe4 4. Nxe4 Nf6 5. Qe2 Nxe4 6. Qxe4 Nd7 7. d4 Nf6 8. Qd3 g6 9. Be2 Bg7 10. O-O O-O 11. Re1 Ne8 12. Bf1 Nd6 13. Bf4 Bg4 14. Rad1 Nf5 15. c3 Qa5 16. Be2 Qxa2 17. h3 Bxf3 18. Bxf3 Rfe8 19. b4 Nh4 20. Be4 f5 21. Qc2 Qf7 22. Bd3 Kh8 23. Qe2 g5 24. Bxg5 Bf6 25. Bxh4 Bxh4 26. Qe5+ Bf6 27. Qxf5 Rg8 28. Re3 Rg5 29. Qf3 Rag8 30. g3 Qg6 31. Rde1 Qh6 32. Bc4 Rf8 33. Qg2 Qh5 34. Kh2 a5 35. f4 Rg7 36. g4 Qh4 37. bxa5 Bg5 38. fxg5 Rf2 39. Rf1 Rxg2+ 40. Kxg2 Rxg5 41. Rf8+ Kg7 42. Rg8+ 1-0

[Event "Oberliga Ost A 2023 2024"]
[Site "?"]
[Date "2024.02.24"]
[Round "6.1"]
[Board "3"]
[White "Bulockin, Martin"]
[Black "Zaehringer, Daniel"]
[Result "0-1"]
[WhiteElo "2294"]
[BlackElo "2149"]
[PlyCount "114"]
[EventDate "2023.10.22"]
[EventType "team-tourn"]
[EventCountry "GER"]
[WhiteTeam "Aue ESV Nickelhuette II"]
[BlackTeam "Plauen SK Koenig"]
[WhiteTeamCountry "GER"]
[BlackTeamCountry "GER"]

1. d4 d5 2. Bf4 c5 3. e3 Nc6 4. c3 Qb6 5. Qb3 c4 6. Qc2 e5 7. dxe5 Bf5 8. Qc1 g5 9. Bg3 h5 10. h3 Bg7 11. Nf3 O-O-O 12. Be2 Nh6 13. Nbd2 Rde8 14. b3 cxb3 15. axb3 g4 16. hxg4 hxg4 17. Nd4 Bd7 18. Qa3 a6 19. Nxc6 Qxc6 20. b4 Nf5 21. Rxh8 Rxh8 22. Bf4 Rh1+ 23. Nf1 Qe6 24. b5 Bxb5 25. Bxb5 axb5 26. Qb4 Qc6 27. Ra8+ Kd7 28. Ra5 Nh4 29. Rxb5 Nxg2+ 30. Ke2 Qa6 31. Qd6+ Qxd6 32. exd6 Nxf4+ 33. exf4 Kc6 34. d7 Rh8 35. Rb3 Rd8 36. Ne3 Rxd7 37. Nxg4 b5 38. f5 Re7+ 39. Kd3 Re4 40. Ne3 Rf4 41. Rb2 Bf6 42. Rd2 d4 43. cxd4 Rxd4+ 44. Kc2 Rxd2+ 45. Kxd2 Bg5 46. Kd3 Bxe3 47. Kxe3 Kc5 48. Kd3 Kb4 49. f6 Ka3 50. Kc2 b4 51. Kb1 Kb3 52. f4 Kc3 53. Ka1 Kc2 54. f5 Kb3 55. Kb1 Ka3 56. Ka1 b3 57. Kb1 b2 0-1

[Event "Oberliga Ost A 2023 2024"]
[Site "?"]
[Date "2024.02.24"]
[Round "6.1"]
[Board "4"]
[White "Kunze, Carlo"]
[Black "Solberg, Joachim"]
[Result "1/2-1/2"]
[WhiteElo "2277"]
[BlackElo "2164"]
[PlyCount "169"]
[EventDate "2023.10.22"]
[EventType "team-tourn"]
[EventCountry "GER"]
[WhiteTeam "Plauen SK Koenig"]
[BlackTeam "Aue ESV Nickelhuette II"]
[WhiteTeamCountry "GER"]
[BlackTeamCountry "GER"]

1. d4 d5 2. c4 e6 3. Nc3 c6 4. e3 Nf6 5. Nf3 Nbd7 6. Bd3 Bd6 7. O-O e5 8. cxd5 cxd5 9. Nb5 Bb8 10. dxe5 Nxe5 11. Nxe5 Bxe5 12. h3 O-O 13. Nd4 Qe7 14. Nf3 Bd6 15. b3 Be6 16. Bb2 Ba3 17. Qc1 Bxb2 18. Qxb2 Rac8 19. Rad1 Qb4 20. Bb1 Qc3 21. Qa3 Qc5 22. Qa4 a6 23. Qh4 h6 24. Nd4 Rfe8 25. Rfe1 Ne4 26. Bxe4 dxe4 27. Qxe4 Bxb3 28. Nxb3 Rxe4 29. Nxc5 Rxc5 30. Rd8+ Kh7 31. Rd7 f6 32. Rxb7 Rc2 33. Rd1 Re5 34. h4 Re8 35. Rd6 Re4 36. f3 Rxe3 37. Rdd7 Kg6 38. Rxg7+ Kf5 39. Rb6 Rxa2 40. Rf7 Re1+ 41. Kh2 Re6 42. Rxe6 Kxe6 43. Rh7 a5 44. Rxh6 a4 45. Rh7 f5 46. Rh6+ Kf7 47. h5 Rb2 48. Ra6 Rb4 49. h6 f4 50. Ra7+ Kg8 51. Kh3 Kh8 52. Kh4 Rb2 53. Rxa4 Rxg2 54. Rxf4 Kh7 55. Rf6 Rg1 56. Kh5 Rg3 57. f4 Rg2 58. Rf7+ Kh8 59. f5 Rg1 60. Rf6 Kh7 61. Rg6 Rh1+ 62. Kg5 Rg1+ 63. Kf6 Ra1 64. Kf7 Ra7+ 65. Kf6 Ra1 66. Rg3 Ra6+ 67. Kg5 Rxh6 68. Rb3 Ra6 69. Rb7+ Kg8 70. Re7 Kf8 71. Rh7 Rb6 72. Rh8+ Kf7 73. Rc8 Ra6 74. Rc7+ Kf8 75. Rc5 Rb6 76. Re5 Kf7 77. Ra5 Kf8 78. f6 Rb1 79. Kg6 Rg1+ 80. Rg5 Rxg5+ 81. Kxg5 Kf7 82. Kf5 Kf8 83. Ke6 Ke8 84. f7+ Kf8 85. Kf6 1/2-1/2

[Event "Oberliga Ost A 2023 2024"]
[Site "?"]
[Date "2024.02.24"]
[Round "6.1"]
[Board "5"]
[White "Schnabel, Ralf"]
[Black "Burian, Simon"]
[Result "1/2-1/2"]
[WhiteElo "2197"]
[BlackElo "2189"]
[PlyCount "22"]
[EventDate "2023.10.22"]
[EventType "team-tourn"]
[EventCountry "GER"]
[WhiteTeam "Aue ESV Nickelhuette II"]
[BlackTeam "Plauen SK Koenig"]
[WhiteTeamCountry "GER"]
[BlackTeamCountry "GER"]

1. e4 c5 2. Nf3 d6 3. d4 cxd4 4. Nxd4 Nf6 5. Nc3 a6 6. Be2 e5 7. Nf3 Be7 8. O-O Be6 9. Re1 h6 10. Bf1 Qa5 11. Nd2 Qc7 1/2-1/2

[Event "Oberliga Ost A 2023 2024"]
[Site "?"]
[Date "2024.02.24"]
[Round "6.1"]
[Board "6"]
[White "Kuraszkiewicz, Michael"]
[Black "Ludvik, Tomas"]
[Result "1/2-1/2"]
[WhiteElo "2275"]
[BlackElo "2217"]
[PlyCount "39"]
[EventDate "2023.10.22"]
[EventType "team-tourn"]
[EventCountry "GER"]
[WhiteTeam "Plauen SK Koenig"]
[BlackTeam "Aue ESV Nickelhuette II"]
[WhiteTeamCountry "GER"]
[BlackTeamCountry "GER"]

1. d4 d5 2. c4 c6 3. Nf3 Nf6 4. e3 Bf5 5. Nc3 e6 6. Nh4 Be4 7. f3 Bg6 8. Qb3 Qc7 9. Bd2 Be7 10. g3 a6 11. Rc1 dxc4 12. Bxc4 Nbd7 13. O-O b5 14. Be2 c5 15. Nxg6 hxg6 16. dxc5 Nxc5 17. Qd1 Qa7 18. b4 Ncd7 19. a4 bxa4 20. Qxa4 1/2-1/2

[Event "Oberliga Ost A 2023 2024"]
[Site "?"]
[Date "2024.02.24"]
[Round "6.1"]
[Board "7"]
[White "Kunze, Kerstin"]
[Black "Sandner, Gunter"]
[Result "0-1"]
[WhiteElo "1992"]
[BlackElo "2225"]
[PlyCount "48"]
[EventDate "2023.10.22"]
[EventType "team-tourn"]
[EventCountry "GER"]
[WhiteTeam "Aue ESV Nickelhuette II"]
[BlackTeam "Plauen SK Koenig"]
[WhiteTeamCountry "GER"]
[BlackTeamCountry "GER"]

1. e4 g6 2. d4 Bg7 3. Nc3 a6 4. Nf3 b5 5. Bd3 Bb7 6. O-O d6 7. Be3 Nd7 8. a4 b4 9. Na2 a5 10. c3 bxc3 11. bxc3 Ngf6 12. Ng5 O-O 13. Rb1 Qc8 14. f4 h6 15. Nxf7 Bxe4 16. f5 Rxf7 17. fxg6 Rf8 18. Bxe4 Nxe4 19. Rf7 Rb8 20. Rxb8 Qxb8 21. Rxg7+ Kxg7 22. Qh5 Qb1+ 23. Nc1 Ng5 24. Qg4 Qf5 0-1

[Event "Oberliga Ost A 2023 2024"]
[Site "?"]
[Date "2024.02.24"]
[Round "6.1"]
[Board "8"]
[White "Fischer, Erik"]
[Black "Poessel, Christian"]
[Result "1-0"]
[WhiteElo "2069"]
[BlackElo "1906"]
[PlyCount "47"]
[EventDate "2023.10.22"]
[EventType "team-tourn"]
[EventCountry "GER"]
[WhiteTeam "Plauen SK Koenig"]
[BlackTeam "Aue ESV Nickelhuette II"]
[WhiteTeamCountry "GER"]
[BlackTeamCountry "GER"]

1. e4 c5 2. Nf3 d6 3. Bb5+ Nd7 4. O-O a6 5. Bd3 e6 6. c3 Be7 7. Bc2 Ngf6 8. d4 b6 9. e5 dxe5 10. dxe5 Ng4 11. Re1 Bb7 12. Bf4 h5 13. h3 Nh6 14. Nbd2 g5 15. Bg3 Nf5 16. Bxf5 exf5 17. Qc2 f4 18. e6 fxg3 19. exf7+ Kf8 20. Qg6 gxf2+ 21. Kxf2 g4 22. Ng5 Bd5 23. Nh7+ Rxh7 24. Qg8# 1-0

[Event "Oberliga Ost A 2023 2024"]
[Site "?"]
[Date "2024.02.24"]
[Round "6.2"]
[Board "1"]
[White "Bures, Jaroslav"]
[Black "Teske, Henrik"]
[Result "1/2-1/2"]
[WhiteElo "2406"]
[BlackElo "2450"]
[PlyCount "26"]
[EventDate "2023.10.22"]
[EventType "team-tourn"]
[EventCountry "GER"]
[WhiteTeam "Reichenbrand SV Eiche"]
[BlackTeam "Erfurt SV Empor"]
[WhiteTeamCountry "GER"]
[BlackTeamCountry "GER"]

1. e4 e6 2. d4 d5 3. Nd2 c5 4. Ngf3 cxd4 5. Nxd4 Nc6 6. Bb5 Bd7 7. Nxc6 bxc6 8. Bd3 Bd6 9. Qe2 Qb8 10. Nf3 f6 11. O-O Ne7 12. c4 O-O 13. h3 dxe4 1/2-1/2

[Event "Oberliga Ost A 2023 2024"]
[Site "?"]
[Date "2024.02.24"]
[Round "6.2"]
[Board "2"]
[White "Langheinrich, Ferenc"]
[Black "Fuchs, Florian"]
[Result "1/2-1/2"]
[WhiteElo "2346"]
[BlackElo "2307"]
[PlyCount "106"]
[EventDate "2023.10.22"]
[EventType "team-tourn"]
[EventCountry "GER"]
[WhiteTeam "Erfurt SV Empor"]
[BlackTeam "Reichenbrand SV Eiche"]
[WhiteTeamCountry "GER"]
[BlackTeamCountry "GER"]

1. d4 g6 2. e4 Bg7 3. Nc3 a6 4. h4 h5 5. Nh3 b5 6. Ng5 Bb7 7. f3 d6 8. a4 c6 9. Be3 Nd7 10. Qd2 Ngf6 11. Be2 O-O 12. O-O Qc7 13. f4 b4 14. Nd1 c5 15. d5 Nh7 16. c4 bxc3 17. Nxc3 Rab8 18. Nxh7 Kxh7 19. e5 dxe5 20. f5 Nf6 21. fxg6+ fxg6 22. Rad1 Bc8 23. Qc2 Rb4 24. Bd3 Rxh4 25. Bxg6+ Kh8 26. Ne4 Nxe4 27. Rxf8+ Bxf8 28. Bxe4 Bg7 29. Bf2 Rf4 30. g3 Rg4 31. Kg2 Bd7 32. Bf3 Rxa4 33. Rh1 h4 34. g4 e4 35. Rxh4+ Kg8 36. Bxe4 Qe5 37. Bf3 Qxb2 38. Qxb2 Bxb2 39. Bxc5 Bf6 40. Rh1 Bxg4 41. d6 exd6 42. Bxd6 Be6 43. Re1 Bf7 44. Re4 Ra2+ 45. Kg3 Rd2 46. Be5 Bxe5+ 47. Rxe5 Kg7 48. Rc5 Rd6 49. Be2 Re6 50. Kf2 Rf6+ 51. Ke3 Be8 52. Ra5 Re6+ 53. Kd2 Rd6+ 1/2-1/2

[Event "Oberliga Ost A 2023 2024"]
[Site "?"]
[Date "2024.02.24"]
[Round "6.2"]
[Board "3"]
[White "Fischer, Edwin"]
[Black "Urban, Lars"]
[Result "0-1"]
[WhiteElo "2212"]
[BlackElo "2206"]
[PlyCount "64"]
[EventDate "2023.10.22"]
[EventType "team-tourn"]
[EventCountry "GER"]
[WhiteTeam "Reichenbrand SV Eiche"]
[BlackTeam "Erfurt SV Empor"]
[WhiteTeamCountry "GER"]
[BlackTeamCountry "GER"]

1. d4 d5 2. Nf3 Nf6 3. c4 e6 4. cxd5 exd5 5. Nc3 c6 6. Qc2 Bd6 7. Bg5 Be6 8. e3 Nbd7 9. Bd3 h6 10. Bh4 Qe7 11. O-O g5 12. Bg3 Bxg3 13. fxg3 O-O-O 14. b4 Kb8 15. Na4 Bg4 16. Rfe1 Bxf3 17. gxf3 g4 18. f4 Qxb4 19. Rab1 Qa5 20. Rec1 Rc8 21. Bf5 Rc7 22. Qb3 b6 23. Nc5 Rd8 24. Bxd7 Nxd7 25. Nd3 Kb7 26. Nb4 Nf6 27. Rc5 bxc5 28. Nxd5+ Ka8 29. Nxf6 cxd4 30. exd4 Qf5 31. d5 Qxf6 32. Qc4 Qd6 0-1

[Event "Oberliga Ost A 2023 2024"]
[Site "?"]
[Date "2024.02.24"]
[Round "6.2"]
[Board "4"]
[White "Heinke, Jasper"]
[Black "Laemmel, Sebastian"]
[Result "1/2-1/2"]
[WhiteElo "2044"]
[BlackElo "2178"]
[PlyCount "117"]
[EventDate "2023.10.22"]
[EventType "team-tourn"]
[EventCountry "GER"]
[WhiteTeam "Erfurt SV Empor"]
[BlackTeam "Reichenbrand SV Eiche"]
[WhiteTeamCountry "GER"]
[BlackTeamCountry "GER"]

1. e4 e6 2. d4 d5 3. Nc3 Nf6 4. Bg5 dxe4 5. Nxe4 Be7 6. Bxf6 gxf6 7. Nf3 f5 8. Nc3 a6 9. Ne5 Nd7 10. Be2 Nxe5 11. dxe5 Qxd1+ 12. Rxd1 Bd7 13. Bf3 O-O-O 14. O-O f6 15. exf6 Bxf6 16. g3 Bxc3 17. bxc3 Ba4 18. Rde1 Rd6 19. Re5 Bxc2 20. Rfe1 Re8 21. c4 Re7 22. c5 Rd3 23. Kg2 Rc3 24. c6 bxc6 25. Rxe6 Rxe6 26. Rxe6 Bb1 27. a3 Ba2 28. Re5 Kb7 29. Rxf5 Rxa3 30. Rc5 Bd5 31. Bxd5 cxd5 32. Rxd5 a5 33. f4 Ra2+ 34. Kf3 Kc6 35. Rh5 a4 36. f5 a3 37. f6 Ra1 38. Ra5 Kd7 39. g4 a2 40. Kg2 c5 41. g5 c4 42. Ra7+ Ke8 43. Ra8+ Kf7 44. Ra7+ Kg6 45. h4 c3 46. h5+ Kxg5 47. f7 Rf1 48. Kxf1 c2 49. f8=Q c1=Q+ 50. Kg2 Qb2+ 51. Qf2 a1=Q 52. Rxa1 Qxa1 53. Qg1 Qa8+ 54. Kf1+ Kxh5 55. Qh2+ Kg6 56. Qg2+ Qxg2+ 57. Kxg2 h5 58. Kh3 h4 59. Kxh4 1/2-1/2

[Event "Oberliga Ost A 2023 2024"]
[Site "?"]
[Date "2024.02.24"]
[Round "6.2"]
[Board "5"]
[White "Kyas, Juergen"]
[Black "Michalowski, Peter"]
[Result "1-0"]
[WhiteElo "2174"]
[BlackElo "2066"]
[PlyCount "95"]
[EventDate "2023.10.22"]
[EventType "team-tourn"]
[EventCountry "GER"]
[WhiteTeam "Reichenbrand SV Eiche"]
[BlackTeam "Erfurt SV Empor"]
[WhiteTeamCountry "GER"]
[BlackTeamCountry "GER"]

1. e4 c5 2. Nf3 d6 3. d4 cxd4 4. Nxd4 Nf6 5. Nc3 a6 6. Be2 e5 7. Nb3 Be7 8. Bg5 Be6 9. Bxf6 Bxf6 10. O-O O-O 11. a4 Nc6 12. Nd5 Bg5 13. a5 Rc8 14. Bg4 Ne7 15. Bxe6 fxe6 16. Nb6 Rc6 17. Qg4 h6 18. Qxe6+ Kh8 19. c3 d5 20. Qxe5 Bf6 21. Qh5 dxe4 22. Rad1 Rd6 23. Nc5 e3 24. Ne4 exf2+ 25. Nxf2 Bg5 26. Qe2 Nf5 27. Nc4 Rxd1 28. Rxd1 Qe8 29. Qe4 Ne3 30. Qxe8 Rxe8 31. Re1 Re7 32. Nxe3 Rxe3 33. Rxe3 Bxe3 34. Kf1 Kg8 35. Ke2 Bc5 36. Ne4 Bg1 37. h3 b6 38. axb6 Bxb6 39. Kd3 Kf7 40. b4 Ke6 41. Kc4 Kf5 42. Kd5 a5 43. b5 a4 44. c4 a3 45. Nc3 Kf4 46. c5 Ba5 47. Na2 Kg3 48. b6 1-0

[Event "Oberliga Ost A 2023 2024"]
[Site "?"]
[Date "2024.02.24"]
[Round "6.2"]
[Board "6"]
[White "Wiemers, Holger"]
[Black "Kapp, Martin"]
[Result "0-1"]
[WhiteElo "2058"]
[BlackElo "2169"]
[PlyCount "56"]
[EventDate "2023.10.22"]
[EventType "team-tourn"]
[EventCountry "GER"]
[WhiteTeam "Erfurt SV Empor"]
[BlackTeam "Reichenbrand SV Eiche"]
[WhiteTeamCountry "GER"]
[BlackTeamCountry "GER"]

1. d4 Nf6 2. Bg5 d5 3. e3 Nbd7 4. Nf3 g6 5. Nbd2 Bg7 6. c3 O-O 7. Be2 b6 8. h3 Bb7 9. O-O Re8 10. Bf4 Ne4 11. Qc2 c5 12. Bd3 Nxd2 13. Qxd2 f6 14. Bb5 a6 15. Bxd7 Qxd7 16. Qc2 e5 17. Bh2 e4 18. Nd2 cxd4 19. cxd4 Rac8 20. Qb3 Re6 21. Bg3 a5 22. a4 Bf8 23. Rfc1 Bb4 24. Qd1 Rec6 25. Nb3 Ba6 26. Rxc6 Rxc6 27. Rc1 Bc4 28. Na1 Be2 0-1

[Event "Oberliga Ost A 2023 2024"]
[Site "?"]
[Date "2024.02.24"]
[Round "6.2"]
[Board "7"]
[White "Weisspflog, Janek"]
[Black "Rempel, Patrick"]
[Result "1/2-1/2"]
[WhiteElo "2043"]
[BlackElo "2039"]
[PlyCount "77"]
[EventDate "2023.10.22"]
[EventType "team-tourn"]
[EventCountry "GER"]
[WhiteTeam "Reichenbrand SV Eiche"]
[BlackTeam "Erfurt SV Empor"]
[WhiteTeamCountry "GER"]
[BlackTeamCountry "GER"]

1. d4 Nf6 2. Nc3 d5 3. Bf4 e6 4. e3 c6 5. Bd3 Nbd7 6. Nf3 Be7 7. O-O O-O 8. h3 Re8 9. Ne5 Nxe5 10. dxe5 Nd7 11. Bh2 Nf8 12. a4 Bd7 13. b3 a6 14. Ne2 b5 15. axb5 axb5 16. Rxa8 Qxa8 17. Nd4 Rb8 18. c4 bxc4 19. bxc4 c5 20. Nf3 Rb4 21. Qc2 Bc6 22. cxd5 Bxd5 23. Be2 Qb7 24. Rc1 Rb2 25. Qd1 Qb4 26. Qf1 h6 27. Bg3 Ng6 28. Kh2 h5 29. Kg1 h4 30. Bh2 Nf8 31. Bf4 Nd7 32. Bd3 Qb7 33. Be2 Nb6 34. Rb1 Ra2 35. Qd1 c4 36. Bf1 Qc7 37. Nd4 Na4 38. Rc1 c3 39. Bd3 1/2-1/2

[Event "Oberliga Ost A 2023 2024"]
[Site "?"]
[Date "2024.02.24"]
[Round "6.3"]
[Board "1"]
[White "Lippert, Daniel"]
[Black "Rudolf, Sebastian"]
[Result "1/2-1/2"]
[WhiteElo "2083"]
[BlackElo "2311"]
[PlyCount "60"]
[EventDate "2023.10.22"]
[EventType "team-tourn"]
[EventCountry "GER"]
[WhiteTeam "Magdeburg SG Aufbau Elbe II"]
[BlackTeam "Dresden SG Gruen Weiss"]
[WhiteTeamCountry "GER"]
[BlackTeamCountry "GER"]

1. e4 c6 2. d4 d5 3. e5 Bf5 4. h4 h5 5. Bd3 Bxd3 6. Qxd3 Qa5+ 7. Nd2 e6 8. Ngf3 Nh6 9. O-O Nf5 10. Nb3 Qb5 11. Qd1 Be7 12. g3 Nd7 13. a4 Qb6 14. a5 Qb5 15. c3 a6 16. Bg5 Bxg5 17. Nxg5 g6 18. Ra3 Rc8 19. Nf3 Rc7 20. Re1 c5 21. dxc5 Nxc5 22. Nxc5 Qxc5 23. Kg2 Qb5 24. Qa4 Qxa4 25. Rxa4 Kd7 26. Rd1 Kc8 27. Nd4 Nh6 28. Rc1 Rd8 29. f3 Rc5 30. Kf2 Kd7 1/2-1/2

[Event "Oberliga Ost A 2023 2024"]
[Site "?"]
[Date "2024.02.24"]
[Round "6.3"]
[Board "2"]
[White "Zwahr, Paul"]
[Black "Herter, Arne"]
[Result "1/2-1/2"]
[WhiteElo "2278"]
[BlackElo "2064"]
[PlyCount "76"]
[EventDate "2023.10.22"]
[EventType "team-tourn"]
[EventCountry "GER"]
[WhiteTeam "Dresden SG Gruen Weiss"]
[BlackTeam "Magdeburg SG Aufbau Elbe II"]
[WhiteTeamCountry "GER"]
[BlackTeamCountry "GER"]

1. e4 e5 2. Nf3 Nc6 3. Bb5 a6 4. Ba4 Nf6 5. O-O Be7 6. Re1 b5 7. Bb3 O-O 8. a4 b4 9. d4 d6 10. dxe5 dxe5 11. Nbd2 Bc5 12. Qe2 Qe7 13. Nc4 Be6 14. Bg5 h6 15. Bxf6 Qxf6 16. Ne3 Bxb3 17. cxb3 Bxe3 18. Qxe3 Nd4 19. Rac1 Nxf3+ 20. Qxf3 Qxf3 21. gxf3 Rfd8 22. Red1 Kf8 23. Kf1 Rxd1+ 24. Rxd1 Ke7 25. Rd5 f6 26. Ke2 c6 27. Rd1 Rd8 28. Rc1 Kd6 29. h4 g5 30. Rh1 Rh8 31. h5 Rd8 32. Rc1 c5 33. Rd1+ Ke7 34. Rxd8 Kxd8 35. Kd3 Kd7 36. Kc4 Kc6 37. Kd3 Kd6 38. Kc4 Kc6 1/2-1/2